Sinh học cơ thể ( Thực vật và động vật ) ( Dùng cho sinh viên Cao đẳng, Đại học chuyên ngành Sinh học, Công nghệ Sinh học, Nông - Lâm - Ngư nghiệp và giáo viên Sinh học phổ thông )
Giới thiệu nguồn gốc của thực vật và động vật, những đặc điểm giống và khác nhau giữa chúng. Trình bày chuyển hoá vật chất và năng lượng, tính cảm ứng, sinh trưởng, phát triển và sự sinh sản của thực vật và động vật....
Guardado en:
| Autor principal: | |
|---|---|
| Formato: | Libro |
| Lenguaje: | Undetermined |
| Publicado: |
Hà Nội
Giáo dục
2007
|
| Materias: | |
| Etiquetas: |
Agregar Etiqueta
Sin Etiquetas, Sea el primero en etiquetar este registro!
|
| Thư viện lưu trữ: | Trung tâm Học liệu Trường Đại học Cần Thơ |
|---|
| LEADER | 01148nam a2200217Ia 4500 | ||
|---|---|---|---|
| 001 | CTU_47605 | ||
| 008 | 210402s9999 xx 000 0 und d | ||
| 020 | |c 28500 | ||
| 082 | |a 571 | ||
| 082 | |b H305 | ||
| 100 | |a Nguyễn, Như Hiền | ||
| 245 | 0 | |a Sinh học cơ thể ( Thực vật và động vật ) | |
| 245 | 0 | |b ( Dùng cho sinh viên Cao đẳng, Đại học chuyên ngành Sinh học, Công nghệ Sinh học, Nông - Lâm - Ngư nghiệp và giáo viên Sinh học phổ thông ) | |
| 245 | 0 | |c Nguyễn Như Hiền , Vũ Xuân Dũng | |
| 260 | |a Hà Nội | ||
| 260 | |b Giáo dục | ||
| 260 | |c 2007 | ||
| 520 | |a Giới thiệu nguồn gốc của thực vật và động vật, những đặc điểm giống và khác nhau giữa chúng. Trình bày chuyển hoá vật chất và năng lượng, tính cảm ứng, sinh trưởng, phát triển và sự sinh sản của thực vật và động vật. | ||
| 650 | |a Physiology | ||
| 904 | |i Giang | ||
| 980 | |a Trung tâm Học liệu Trường Đại học Cần Thơ | ||